[Event "IECC CL2-2006.06 email"]
[Site "IECC email"]
[Date "2006.07.15"]
[Round "?"]
[White "Sevestre, Frederic"]
[Black "Agulnick, Michael"]
[Result "1-0"]
[WhiteElo "1759"]
[BlackElo "2013"]
[PlyCount "59"]
[EventDate "2006.??.??"]
[EventType "tourn (corr)"]
[EventRounds "4"]
[SourceTitle "Corr 2008"]
[Source "ChessBase"]
[SourceDate "2008.06.24"]
[SourceVersion "1"]
[SourceVersionDate "2008.06.24"]
[SourceQuality "1"]

1. e4 c6 2. d4 d5 3. e5 Bf5 4. Nf3 e6 5. Be2 c5 6. Be3 Qb6 7. Nc3 Nc6 8. dxc5 Qxb2 9. Nb5 Rc8 10. Nfd4 a6 11. Rb1 Qxa2 12. Nxf5 axb5 13. Nd6+ Bxd6 14. cxd6 Nh6 15. Bxh6 gxh6 16. Bxb5 0-0 17. Bxc6 Rxc6 18. Qg4+ Kh8 19. 0-0 Qxc2 20. Rxb7 Qg6 21. h3 h5 22. Qf3 Kg7 23. Rfb1 Qg5 24. Qe3 Qxe3 25. fxe3 Rc3 26. Re1 Kg6 27. Rf1 Rxe3 28. Re7 Ra3 29. Rxe6+ fxe6 30. Rxf8 1-0

[Event "IECG CP.2005.P.00086"]
[Site "IECG email"]
[Date "2005.10.01"]
[Round "?"]
[White "Bubnov, Vladimir Semenovich"]
[Black "Sevestre, Frederic"]
[Result "1-0"]
[WhiteElo "2269"]
[BlackElo "2032"]
[PlyCount "147"]
[EventDate "2005.10.01"]
[EventType "tourn (corr)"]
[EventRounds "6"]
[SourceTitle "Corr 2008"]
[Source "ChessBase"]
[SourceDate "2008.06.24"]
[SourceVersion "1"]
[SourceVersionDate "2008.06.24"]
[SourceQuality "1"]

1. c4 Nf6 2. Nc3 e5 3. Nf3 Nc6 4. g3 Bc5 5. Bg2 d6 6. 0-0 0-0 7. d3 h6 8. a3 a5 9. e3 Bb6 10. b3 Re8 11. Bb2 Bg4 12. h3 Bh5 13. Qc2 Bg6 14. Nd2 Nd7 15. Nde4 Nc5 16. Nxc5 Bxc5 17. Qd2 Qd7 18. Nd5 Ba7 19. b4 Nd8 20. bxa5 Ne6 21. Rad1 Nc5 22. d4 Ne4 23. Qc1 exd4 24. exd4 c6 25. Nb6 Bxb6 26. axb6 d5 27. c5 Re6 28. Rde1 Rae8 29. Re3 Qe7 30. a4 Ra8 31. Ra3 Nf6 32. Bc3 Re8 33. Qd1 Nd7 34. a5 Nb8 35. Ra1 Qf6 36. Qf3 Qg5 37. Rfe1 Be4 38. Qg4 Qd8 39. f3 Bd3 40. Rxe6 Rxe6 41. Re1 Rxe1+ 42. Bxe1 Nd7 43. Bf1 Bxf1 44. Kxf1 Nf6 45. Qf4 Qa8 46. Bd2 Nh7 47. h4 Nf8 48. Qe3 Ne6 49. Qd3 Qb8 50. g4 Qg3 51. a6 bxa6 52. Qe2 Kf8 53. Bc3 Qxh4 54. Qe5 Nd8 55. Qb8 Kg8 56. Bd2 Qh1+ 57. Kf2 Qh4+ 58. Ke2 Qe7+ 59. Kd3 g5 60. Qa8 Kg7 61. Be3 a5 62. Qxa5 Qb7 63. Qa7 Kg6 64. Kd2 h5 65. gxh5+ Kxh5 66. f4 f6 67. fxg5 fxg5 68. Qa1 Nf7 69. Qb1 Nh6 70. Qg1 Ng4 71. Qd1 Qb8 72. Qf3 Kh4 73. Qh1+ Kg3 74. Bxg5 1-0

[Event "IECC CL4-2004.10 email"]
[Site "IECC email"]
[Date "2004.06.14"]
[Round "?"]
[White "Marmont, Benjamin"]
[Black "Sevestre, Frederic"]
[Result "0-1"]
[WhiteElo "1705"]
[BlackElo "1552"]
[PlyCount "56"]
[EventDate "2004.??.??"]
[EventType "tourn (corr)"]
[EventRounds "4"]
[SourceTitle "Corr 2008"]
[Source "ChessBase"]
[SourceDate "2008.06.24"]
[SourceVersion "1"]
[SourceVersionDate "2008.06.24"]
[SourceQuality "1"]

1. e4 c6 2. d4 d5 3. e5 Bf5 4. Nf3 e6 5. Be2 c5 6. 0-0 Nc6 7. c3 cxd4 8. cxd4 Nge7 9. Be3 Ng6 10. Qb3 Qd7 11. Nc3 Rc8 12. Rac1 a6 13. Na4 Na5 14. Qb6 Nc4 15. Bxc4 dxc4 16. Qa5 Qb5 17. Qxb5+ axb5 18. Nc3 b4 19. Nb5 Be7 20. Nd6+ Bxd6 21. exd6 f6 22. Bd2 Kd7 23. Bxb4 Nf4 24. Ra1 Nd3 25. Ba3 b5 26. Ne1 b4 27. Nxd3 bxa3 28. Nc5+ Rxc5 0-1

[Event "IECG CP.2002.Q.00014 email"]
[Site "IECG email"]
[Date "2003.10.01"]
[Round "?"]
[White "Sevestre, Frederic"]
[Black "Van Seben, Edgar"]
[Result "1-0"]
[WhiteElo "2050"]
[BlackElo "2170"]
[PlyCount "83"]
[EventDate "2003.10.01"]
[EventType "tourn (corr)"]
[EventRounds "10"]
[SourceTitle "Corr 2008"]
[Source "ChessBase"]
[SourceDate "2008.06.24"]
[SourceVersion "1"]
[SourceVersionDate "2008.06.24"]
[SourceQuality "1"]

1. d4 Nf6 2. c4 e6 3. Nf3 b6 4. g3 Ba6 5. b3 Bb4+ 6. Bd2 Be7 7. Nc3 d5 8. cxd5 exd5 9. Bg2 0-0 10. 0-0 Bb7 11. Rc1 c5 12. dxc5 Bxc5 13. Bg5 Nbd7 14. Nd4 h6 15. Bf4 Re8 16. Ncb5 Bxd4 17. Nxd4 Ne5 18. Nf5 Re6 19. Qd4 Ng6 20. e3 Nxf4 21. Qxf4 Rc8 22. Rxc8 Bxc8 23. Rc1 Bd7 24. Qc7 Re8 25. Qxd8 Rxd8 26. Ne7+ Kf8 27. Nxd5 Nxd5 28. Bxd5 Ke7 29. e4 Rc8 30. Rxc8 Bxc8 31. f4 f6 32. Kf2 Kd6 33. Ke3 f5 34. b4 a5 35. a3 fxe4 36. Bxe4 axb4 37. axb4 Bg4 38. h4 Ke7 39. Bf3 Bd7 40. Kd4 Kd6 41. g4 Ke6 42. Be4 1-0

[Event "IECG CP.2002.Q.00014 email"]
[Site "IECG email"]
[Date "2003.10.01"]
[Round "?"]
[White "Trani, Francesco"]
[Black "Sevestre, Frederic"]
[Result "0-1"]
[WhiteElo "2057"]
[BlackElo "2050"]
[PlyCount "90"]
[EventDate "2003.10.01"]
[EventType "tourn (corr)"]
[EventRounds "10"]
[SourceTitle "Corr 2008"]
[Source "ChessBase"]
[SourceDate "2008.06.24"]
[SourceVersion "1"]
[SourceVersionDate "2008.06.24"]
[SourceQuality "1"]

1. e4 c6 2. d4 d5 3. f3 e6 4. Nc3 Bb4 5. Nge2 dxe4 6. fxe4 Qh4+ 7. Ng3 Nf6 8. Qf3 Nbd7 9. Be2 e5 10. Be3 0-0 11. 0-0 exd4 12. Bxd4 Bd6 13. Qf2 b5 14. Rad1 Bc7 15. Bf3 Bb7 16. Rd2 Rfe8 17. Rfd1 a5 18. b3 Bc8 19. Nf1 Qg5 20. e5 Nxe5 21. Bxe5 Bxe5 22. h4 Qg6 23. Nxb5 Bg4 24. Bxc6 Bxd1 25. Bxa8 Bxc2 26. Rxc2 Rxa8 27. Rc4 Re8 28. Nc7 Rd8 29. Qb6 h6 30. Ne6 Re8 31. Nf4 Qf5 32. g3 g5 33. hxg5 hxg5 34. Ng2 Ng4 35. a3 Rb8 36. Qc5 Rd8 37. Nh4 gxh4 38. Rxg4+ Qxg4 39. Qxe5 Rd1 40. Qe8+ Kg7 41. Qe5+ Kg6 42. Qe3 Qxg3+ 43. Qxg3+ hxg3 44. Kg2 Rxf1 45. Kxf1 f5 0-1

[Event "Liape ch-1 zone-B gr-06 email"]
[Site "Liape email"]
[Date "2003.01.05"]
[Round "6"]
[White "Cuttica, Gerardo Axel"]
[Black "Sevestre, Frederic"]
[Result "0-1"]
[WhiteElo "1631"]
[BlackElo "2050"]
[PlyCount "62"]
[EventDate "2003.??.??"]
[EventType "tourn (corr)"]
[EventRounds "6"]
[EventCountry "ARG"]
[SourceTitle "Corr 2006"]
[Source "ChessBase"]
[SourceDate "2006.04.01"]
[SourceVersion "3"]
[SourceVersionDate "2006.04.01"]
[SourceQuality "1"]

1. e4 c6 2. d4 d5 3. Nc3 dxe4 4. Nxe4 Bf5 5. Ng3 Bg6 6. Nf3 Nf6 7. h4 h6 8. Ne5 Bh7 9. Bc4 e6 10. Qe2 Nd5 11. Bb3 Nd7 12. Bd2 Nxe5 13. dxe5 Qb6 14. 0-0-0 a5 15. a4 Bb4 16. Nh5 Rg8 17. Qf3 Bc5 18. Bxh6 gxh6 19. Bxd5 0-0-0 20. Qxf7 cxd5 21. Qxh7 Rxg2 22. Qxh6 Bd4 23. Rxd4 Qxd4 24. Qxe6+ Kb8 25. Kb1 Rc8 26. Rc1 Rc6 27. Qh3 Rxc2 28. Rxc2 Rg1+ 29. Ka2 Qxa4+ 30. Qa3 Qxc2 31. Nf6 b6 0-1

[Event "IECC CL6-2002.34"]
[Site "IECC email"]
[Date "2002.11.19"]
[Round "?"]
[White "Bottoni, Carlo"]
[Black "Sevestre, Frederic"]
[Result "0-1"]
[WhiteElo "1073"]
[BlackElo "1409"]
[PlyCount "60"]
[EventDate "2002.??.??"]
[EventType "tourn (corr)"]
[EventRounds "4"]
[SourceTitle "Corr 2008"]
[Source "ChessBase"]
[SourceDate "2008.06.24"]
[SourceVersion "1"]
[SourceVersionDate "2008.06.24"]
[SourceQuality "1"]

1. e4 c6 2. Nc3 d5 3. exd5 cxd5 4. Nf3 Nf6 5. d4 Nc6 6. Bf4 Bg4 7. Be5 e6 8. Bb5 Nd7 9. Qd2 Qb6 10. Bxc6 bxc6 11. Rb1 Bxf3 12. gxf3 c5 13. Kd1 f6 14. dxc5 Bxc5 15. Bg3 0-0 16. Re1 d4 17. Na4 Qc6 18. Nxc5 Nxc5 19. Kc1 Rfd8 20. b4 Na4 21. f4 Nc3 22. Ra1 d3 23. cxd3 Nxa2+ 24. Kb1 Nxb4 25. Qe2 Qc3 26. Qxe6+ Kh8 27. Qc4 Qxe1+ 28. Qc1 Qxc1+ 29. Kxc1 Rxd3 30. Ra3 Rc8+ 0-1

[Event "IECC KO email"]
[Site "IECC email"]
[Date "2002.10.04"]
[Round "?"]
[White "Jordaan, Wayne"]
[Black "Sevestre, Frederic"]
[Result "0-1"]
[WhiteElo "1298"]
[BlackElo "1287"]
[PlyCount "78"]
[EventDate "2002.??.??"]
[EventType "tourn (corr)"]
[EventRounds "6"]
[SourceTitle "Corr 2008"]
[Source "ChessBase"]
[SourceDate "2008.06.24"]
[SourceVersion "1"]
[SourceVersionDate "2008.06.24"]
[SourceQuality "1"]

1. c4 e5 2. Nc3 Nf6 3. b3 Bc5 4. e4 d6 5. Bb2 Ng4 6. Nh3 Nc6 7. Be2 Qh4 8. 0-0 Nf6 9. Nd5 Nxd5 10. cxd5 Nd4 11. Bf3 g5 12. Nxg5 Qxg5 13. Bxd4 Bxd4 14. Rc1 Bb6 15. b4 Rg8 16. Kh1 Bd7 17. a4 a5 18. b5 Rc8 19. Qb3 Qxd2 20. Rcd1 Qg5 21. Qc2 f5 22. g3 Rf8 23. Qe2 fxe4 24. Bxe4 Bh3 25. Bg2 Qg4 26. f3 Bxg2+ 27. Qxg2 Qxa4 28. Qh3 Kd8 29. g4 Rf7 30. Qh4+ Kd7 31. Qh3 Rcf8 32. g5+ Kd8 33. Rde1 Qxb5 34. Qe6 Qd3 35. Rd1 Qe3 36. Rde1 Rxf3 37. Rxe3 Rxf1+ 38. Kg2 Bxe3 39. Qh6 Rg1+ 0-1

[Event "IECG CP.2002.P.00053 email"]
[Site "IECG email"]
[Date "2002.10.01"]
[Round "?"]
[White "Taylor, Randy"]
[Black "Sevestre, Frederic"]
[Result "0-1"]
[WhiteElo "1189"]
[BlackElo "2050"]
[PlyCount "76"]
[EventDate "2002.10.01"]
[EventType "tourn (corr)"]
[EventRounds "6"]
[EventCountry "GER"]
[SourceTitle "Corr 2008"]
[Source "ChessBase"]
[SourceDate "2008.06.24"]
[SourceVersion "1"]
[SourceVersionDate "2008.06.24"]
[SourceQuality "1"]

1. e4 c6 2. c4 d5 3. cxd5 cxd5 4. e5 Nc6 5. d4 Bf5 6. Nf3 e6 7. Bf4 Qb6 8. Qb3 Qxb3 9. axb3 a6 10. Be2 Bb4+ 11. Bd2 Rc8 12. 0-0 Bxd2 13. Nbxd2 Nge7 14. Rfc1 Kd7 15. Rc3 Nb4 16. Ra4 Nec6 17. Nf1 f6 18. exf6 gxf6 19. Ne3 Be4 20. Nd2 b5 21. Nxe4 bxa4 22. Nc5+ Ke7 23. bxa4 Nxd4 24. Bg4 Rc6 25. Nxe6 Rxe6 26. Bxe6 Kxe6 27. Rc7 Nd3 28. Ra7 Nc5 29. h3 Ndb3 30. g4 h5 31. f3 hxg4 32. hxg4 d4 33. Nf5 d3 34. Re7+ Kd5 35. Ne3+ Kd4 36. Kg2 d2 37. Nd1 Kd3 38. Rf7 Re8 0-1

[Event "IECC CL7-2002.16"]
[Site "IECC email"]
[Date "2002.06.18"]
[Round "?"]
[White "Sevestre, Frederic"]
[Black "Venturas, Bob"]
[Result "1-0"]
[WhiteElo "1177"]
[BlackElo "1081"]
[PlyCount "31"]
[EventDate "2002.??.??"]
[EventType "tourn (corr)"]
[EventRounds "4"]
[SourceTitle "Corr 2008"]
[Source "ChessBase"]
[SourceDate "2008.06.24"]
[SourceVersion "1"]
[SourceVersionDate "2008.06.24"]
[SourceQuality "1"]

1. d4 d5 2. c4 dxc4 3. Nf3 Bg4 4. Ne5 Nf6 5. Nxg4 Nxg4 6. e4 Nf6 7. e5 Nfd7 8. e6 Nf6 9. Bxc4 Qd6 10. exf7+ Kd8 11. 0-0 Nc6 12. Qf3 Kc8 13. Bf4 e5 14. dxe5 Nxe5 15. Qe2 Qb4 16. Bxe5 1-0

[Event "IECC TH-M email"]
[Site "IECC email"]
[Date "2002.04.11"]
[Round "?"]
[White "Ondo, Bob"]
[Black "Sevestre, Frederic"]
[Result "1/2-1/2"]
[WhiteElo "1408"]
[BlackElo "1125"]
[PlyCount "115"]
[EventDate "2002.??.??"]
[EventType "match (corr)"]
[EventRounds "2"]
[SourceTitle "Corr 2008"]
[Source "ChessBase"]
[SourceDate "2008.06.24"]
[SourceVersion "1"]
[SourceVersionDate "2008.06.24"]
[SourceQuality "1"]

1. e4 c6 2. d4 d5 3. e5 Bf5 4. Nd2 e6 5. Ngf3 c5 6. dxc5 Bxc5 7. Nb3 Bb6 8. Nfd4 Ne7 9. Nxf5 Nxf5 10. Bd3 Qc7 11. f4 Nc6 12. Bxf5 exf5 13. Qxd5 a5 14. Qc4 a4 15. Nc5 Nb4 16. Be3 0-0 17. 0-0-0 Na6 18. Rd7 Qc8 19. e6 Bxc5 20. Bxc5 Nxc5 21. exf7+ Kh8 22. Re7 Qc6 23. Rd1 Rac8 24. g3 b5 25. Qc3 b4 26. Qc4 b3 27. a3 bxc2 28. Kxc2 Qg2+ 29. Kb1 Rb8 30. Qc2 Qxc2+ 31. Kxc2 g6 32. Rd4 Ra8 33. Rc4 Ne4 34. Rcc7 Rad8 35. Rcd7 Rxd7 36. Rxd7 Kg7 37. Ra7 Rd8 38. b4 Rd2+ 39. Kc1 Rxh2 40. b5 Nc5 41. b6 Ra2 42. Rc7 Rxa3 43. Rxc5 Rb3 44. Rc6 Kxf7 45. Rc7+ Ke6 46. Rxh7 Rxb6 47. Ra7 Rc6+ 48. Kd2 Rc4 49. Ra6+ Kf7 50. Ra7+ Kf6 51. Kd3 Re4 52. Kd2 Rb4 53. Kc2 g5 54. Ra6+ Kg7 55. fxg5 Rg4 56. Kd2 Rxg3 57. Rxa4 Kg6 58. Ke2 1/2-1/2